[Event "25. Alpenpokal 1999"]
[Site "Oberstdorf-Tiefenbach"]
[Date "1999.01.15"]
[Round "1"]
[White "Feller, Josef"]
[Black "Tessmer, Herbert"]
[Result "1-0"]
[WhiteElo "2185"]
[BlackElo "1814"]
[PlyCount "57"]

1. d4 Nf6 2. Nf3 c5 3. d5 e6 4. Nc3 d6 5. e4 e5 6. Be2 Be7 7. O-O O-O 8. h3 b6
9. Nd2 Ba6 10. Bc4 Bxc4 11. Nxc4 b5 12. Nd2 a6 13. a4 b4 14. Ne2 a5 15. Ng3 Re8
16. Nc4 Bf8 17. Bg5 g6 18. Qd2 Bg7 19. Rae1 Qc7 20. f4 Nbd7 21. fxe5 dxe5 22.
Bh6 Nb6 23. Nxb6 Qxb6 24. Bxg7 Kxg7 25. Qg5 c4+ 26. Kh1 Ng8 27. Nh5+ Kf8 28.
Rxf7+ Kxf7 29. Rf1+ 1-0

[Event "25. Alpenpokal 1999"]
[Site "Oberstdorf-Tiefenbach"]
[Date "1999.01.15"]
[Round "1"]
[White "Hamann, Karl-Heinz"]
[Black "Daverkausen, Bernd"]
[Result "0-1"]
[WhiteElo "1820"]
[BlackElo "2250"]
[PlyCount "76"]

1. d4 Nf6 2. Nf3 g6 3. Bg5 Bg7 4. e3 O-O 5. Bd3 d6 6. Nbd2 Nbd7 7. O-O h6 8.
Bh4 e5 9. dxe5 dxe5 10. c3 Qe7 11. Ne4 Rd8 12. Qe2 g5 13. Bg3 Nd5 14. h4 f5 15.
Nexg5 hxg5 16. Nxg5 N7f6 17. Bc4 c6 18. e4 Nxe4 19. Nxe4 fxe4 20. Qxe4 Be6 21.
Rfe1 Bf7 22. Rad1 Re8 23. Bb3 Rad8 24. f3 Qf6 25. Bf2 Nf4 26. Bxf7+ Qxf7 27. b3
Rxd1 28. Rxd1 Nd5 29. Qe1 e4 30. fxe4 Nxc3 31. Rd2 Rxe4 32. Qf1 Qe7 33. Kh2
Be5+ 34. Kg1 Bf4 35. Rc2 Ne2+ 36. Kh1 Ng3+ 37. Bxg3 Bxg3 38. Rc1 Qxh4+ 0-1

[Event "25. Alpenpokal 1999"]
[Site "Oberstdorf-Tiefenbach"]
[Date "1999.01.15"]
[Round "1"]
[White "Herzog, Manfred"]
[Black "Schlierkamp, Ferdinand"]
[Result "0-1"]
[WhiteElo "1764"]
[BlackElo "2066"]
[PlyCount "30"]

1. d4 d5 2. c4 c6 3. Nc3 Nf6 4. Nf3 e6 5. Bg5 h6 6. Bh4 dxc4 7. a4 Bb4 8. e4 g5
9. Nxg5 hxg5 10. Bxg5 Be7 11. Bxc4 Qa5 12. h4 Nxe4 13. Bxe7 Kxe7 14. h5 Nxc3
15. Qd2 Rxh5 0-1

[Event "25. Alpenpokal 1999"]
[Site "Oberstdorf-Tiefenbach"]
[Date "1999.01.15"]
[Round "1"]
[White "Jolowicz, Matias"]
[Black "Mellenthin, Horst"]
[Result "1-0"]
[WhiteElo "2275"]
[BlackElo "1822"]
[PlyCount "47"]

1. d4 d5 2. c4 e6 3. Nc3 c5 4. cxd5 exd5 5. Nf3 Nc6 6. g3 Nf6 7. Bg2 Be7 8. O-O
O-O 9. Bg5 Be6 10. Rc1 Ne4 11. Bxe7 Qxe7 12. dxc5 Rfd8 13. Na4 Rac8 14. a3 Na5
15. Nd4 Nc6 16. b4 Nxd4 17. Qxd4 Qd7 18. Nc3 Nxc3 19. Rxc3 Bh3 20. Rd1 Bxg2 21.
Kxg2 f5 22. Rcd3 Qc6 23. Re3 g6 24. Re7 1-0

[Event "25. Alpenpokal 1999"]
[Site "Oberstdorf-Tiefenbach"]
[Date "1999.01.15"]
[Round "1"]
[White "Kahler, Kurt"]
[Black "Wempe, Juergen"]
[Result "1/2-1/2"]
[WhiteElo "1816"]
[BlackElo "2200"]
[PlyCount "87"]

1. e4 c5 2. Nf3 Nf6 3. Nc3 e6 4. d4 cxd4 5. Nxd4 d6 6. Bg5 a6 7. f4 Be7 8. Qd2
h6 9. Bxf6 Bxf6 10. Nf3 O-O 11. g4 b5 12. g5 hxg5 13. fxg5 Be5 14. O-O-O Qa5
15. Nxe5 dxe5 16. Kb1 Nc6 17. Bg2 Ra7 18. h4 Nd4 19. Ne2 Qxd2 20. Rxd2 Nxe2 21.
Rxe2 Rd8 22. Kc1 Rad7 23. Ree1 Bb7 24. Rd1 Kh7 25. Rxd7 Rxd7 26. h5 f5 27. Rd1
Rxd1+ 28. Kxd1 Bc6 29. Ke2 b4 30. Ke3 Ba4 31. c3 bxc3 32. bxc3 Bb5 33. Bf3 a5
34. Be2 Be8 35. c4 Kg8 36. Kd3 Kf8 37. Kc3 Ba4 38. c5 Bc6 39. Bd3 f4 40. Kd2
Ke7 41. Ke2 Be8 42. g6 Kf6 43. Kf2 Bc6 44. Be2 1/2-1/2

[Event "25. Alpenpokal 1999"]
[Site "Oberstdorf-Tiefenbach"]
[Date "1999.01.15"]
[Round "1"]
[White "Moser, Wolfgang"]
[Black "Josting, Friedel"]
[Result "1/2-1/2"]
[WhiteElo "2078"]
[BlackElo "1791"]
[PlyCount "73"]

1. e4 c5 2. c3 e6 3. d4 d5 4. Bd3 dxe4 5. Bxe4 Nf6 6. Bf3 Be7 7. Ne2 O-O 8. O-O
Qc7 9. Bf4 Bd6 10. Bxd6 Qxd6 11. dxc5 Qxc5 12. Qb3 Nc6 13. Na3 Ne5 14. Nd4
Nxf3+ 15. Nxf3 b6 16. Qb5 Qc7 17. Qe5 Qxe5 18. Nxe5 Ba6 19. Rfd1 Rac8 20. Rd4
Rc5 21. Nd7 Nxd7 22. Rxd7 Bc4 23. Nxc4 Rxc4 24. Rad1 a5 25. Rb7 Rc6 26. Kf1 g5
27. Rdd7 Kg7 28. h3 h5 29. Ke2 Kg6 30. Kd3 Kf6 31. a3 Kg6 32. b4 Rfc8 33. bxa5
Rxc3+ 34. Ke2 bxa5 35. Rd3 f6 36. Rb5 R3c5 37. Rb6 1/2-1/2

[Event "25. Alpenpokal 1999"]
[Site "Oberstdorf-Tiefenbach"]
[Date "1999.01.15"]
[Round "1"]
[White "Pleyer, Felix"]
[Black "Malzer, Werner"]
[Result "0-1"]
[WhiteElo "2170"]
[BlackElo "1807"]
[PlyCount "108"]

1. e4 c5 2. d4 cxd4 3. c3 d6 4. cxd4 g6 5. Nc3 Bg7 6. Be2 a6 7. Be3 Nf6 8. Qd2
b5 9. a3 Bb7 10. f3 Nc6 11. Rd1 O-O 12. Bh6 Qb6 13. Bxg7 Kxg7 14. h4 h5 15. g4
Na5 16. e5 dxe5 17. d5 Rh8 18. g5 Nd7 19. Ne4 Nb3 20. Qb4 Ndc5 21. Qc3 f6 22.
Qe3 Nd4 23. Kf1 Bxd5 24. Nc3 Bf7 25. Nh3 Rad8 26. b4 Nd7 27. gxf6+ exf6 28. Bd3
Ne6 29. Qe2 Qc6 30. Rc1 Nd4 31. Qe4 Qxe4 32. Bxe4 Nb6 33. Kf2 Nc4 34. Rhg1 Rd6
35. a4 Nd2 36. axb5 axb5 37. Ra1 Rc8 38. Bxg6 Bxg6 39. Ra7+ Kh6 40. Ng5 Rf8 41.
Rb7 N2xf3 42. Nce4 fxg5 43. Nxd6 Nxh4+ 44. Ke3 Rf3+ 45. Kd2 Rd3+ 46. Ke1 Ndf3+
47. Kf2 Nxg1 48. Nc8 Nh3+ 49. Ke2 Nf4+ 50. Kf1 Rd1+ 51. Kf2 Rd2+ 52. Kg1 Rg2+
53. Kf1 Bd3+ 54. Ke1 Nf3+ 0-1

[Event "25. Alpenpokal 1999"]
[Site "Oberstdorf-Tiefenbach"]
[Date "1999.01.15"]
[Round "1"]
[White "Ziebarth, Lothar"]
[Black "Radtke, Eduard"]
[Result "0-1"]
[WhiteElo "1723"]
[BlackElo "1993"]
[PlyCount "40"]

1. Nf3 Nf6 2. g3 g6 3. Bg2 Bg7 4. d4 d6 5. O-O O-O 6. Nc3 Nc6 7. e4 Bg4 8. Be3
Qd7 9. Qd2 Rad8 10. a3 a6 11. Bh6 Bxh6 12. Qxh6 Bxf3 13. Bxf3 Nxd4 14. Bd1 Qc6
15. Qe3 Ne6 16. Bf3 Qc5 17. Qd3 Nd4 18. Bg2 e5 19. Rac1 b5 20. b4 Qxc3 0-1

[Event "25. Alpenpokal 1999"]
[Site "Oberstdorf-Tiefenbach"]
[Date "1999.01.15"]
[Round "1"]
[White "Zunker, Reinhard"]
[Black "Classen, Herbert"]
[Result "1-0"]
[WhiteElo "2205"]
[BlackElo "1819"]
[PlyCount "39"]

1. e4 e5 2. Nf3 Nc6 3. c3 d5 4. Qa4 dxe4 5. Nxe5 Bd7 6. Nxd7 Qxd7 7. Qxe4+ Nge7
8. d4 O-O-O 9. Bc4 Nf5 10. O-O Nd6 11. Qd3 Nxc4 12. Qxc4 Bd6 13. Nd2 Rhe8 14.
Nf3 Re4 15. Bd2 Rg4 16. Qd3 Kb8 17. h3 h5 18. hxg4 hxg4 19. Nh4 g6 20. Rfe1 1-0

[Event "25. Alpenpokal 1999"]
[Site "Oberstdorf-Tiefenbach"]
[Date "1999.01.16"]
[Round "2"]
[White "Daverkausen, Bernd"]
[Black "Angerer, Martin"]
[Result "1/2-1/2"]
[WhiteElo "2250"]
[BlackElo "1940"]
[PlyCount "56"]

1. Nf3 Nf6 2. c4 c5 3. Nc3 d5 4. cxd5 Nxd5 5. g3 Nc6 6. Bg2 Nc7 7. d3 e5 8. Nd2
Bd7 9. O-O Be7 10. Nc4 f6 11. f4 b5 12. Ne3 exf4 13. gxf4 Rb8 14. a4 a6 15.
axb5 axb5 16. Ned5 Nxd5 17. Bxd5 Nb4 18. Bg2 Be6 19. f5 Bf7 20. Bf4 Bd6 21.
Nxb5 Bxf4 22. Rxf4 O-O 23. Nc3 Nd5 24. Bxd5 Bxd5 25. Nxd5 Qxd5 26. Qc2 Qe5 27.
Qc4+ Kh8 28. Rf2 Rxb2 1/2-1/2

[Event "25. Alpenpokal 1999"]
[Site "Oberstdorf-Tiefenbach"]
[Date "1999.01.16"]
[Round "2"]
[White "Maugg, Ludwig"]
[Black "Jaeger, Erich"]
[Result "1-0"]
[WhiteElo "2160"]
[BlackElo "1910"]
[PlyCount "71"]

1. d4 Nf6 2. c4 g6 3. Nc3 Bg7 4. e4 d6 5. Be2 O-O 6. Nf3 e5 7. O-O Nc6 8. d5
Ne7 9. b4 a5 10. Ba3 axb4 11. Bxb4 Nd7 12. a4 Nc5 13. Bxc5 dxc5 14. Nd2 Bd7 15.
Nb3 b6 16. a5 Nc8 17. axb6 Rxa1 18. Qxa1 cxb6 19. Qa8 Qg5 20. Rd1 Bh3 21. Bf1
Bg4 22. Rd3 h5 23. Qc6 Qe7 24. h3 Bd7 25. Qb7 Qd6 26. Rd1 Ne7 27. Ra1 f5 28.
Ra7 Rd8 29. Nd2 Bf6 30. Nb5 Bxb5 31. cxb5 Rb8 32. Ra8 Rxa8 33. Qxa8+ Kg7 34.
Nc4 Qc7 35. d6 Qc8 36. Qa7 1-0

[Event "25. Alpenpokal 1999"]
[Site "Oberstdorf-Tiefenbach"]
[Date "1999.01.16"]
[Round "2"]
[White "Marschner, Guenter"]
[Black "Zunker, Reinhard"]
[Result "0-1"]
[WhiteElo "1924"]
[BlackElo "2205"]
[PlyCount "82"]

1. e4 c5 2. c3 g6 3. d4 cxd4 4. cxd4 Bg7 5. Nf3 d6 6. Nc3 Nf6 7. h3 O-O 8. Bd3
Nc6 9. O-O a6 10. Be3 d5 11. e5 Ne8 12. Rc1 Nc7 13. Qd2 Ne6 14. Bb1 Na5 15. b3
Nc6 16. Rfd1 Re8 17. Nh2 f5 18. f4 Bf8 19. g4 Ng7 20. Qg2 e6 21. Kh1 Ba3 22.
Rc2 Nb4 23. Rf2 Bd7 24. Rf3 Rc8 25. Bd2 Nc6 26. Be1 Ne7 27. Rg3 Bb4 28. Ne2
Bxe1 29. Rxe1 Bb5 30. Nc3 Qa5 31. Qb2 Bd7 32. Rd1 Rf8 33. Rc1 Qb4 34. Ne2 Rxc1+
35. Nxc1 Qe1+ 36. Rg1 Qe3 37. Nd3 Bb5 38. Nc5 Rc8 39. Nxb7 Be2 40. Nd6 Rc3 41.
gxf5 exf5 0-1

[Event "25. Alpenpokal 1999"]
[Site "Oberstdorf-Tiefenbach"]
[Date "1999.01.16"]
[Round "2"]
[White "Michaelis, Nico"]
[Black "Jolowicz, Matias"]
[Result "1/2-1/2"]
[WhiteElo "1941"]
[BlackElo "2275"]
[PlyCount "55"]

1. d4 Nf6 2. c4 g6 3. Nc3 Bg7 4. e4 d6 5. f3 c5 6. dxc5 dxc5 7. Qxd8+ Kxd8 8.
Be3 Nfd7 9. Nge2 Nc6 10. O-O-O b6 11. f4 Kc7 12. g3 Bh6 13. Bg2 Bb7 14. Nb5+
Kc8 15. Bh3 Rd8 16. Nbc3 Nce5 17. b3 f5 18. Nd5 Bxd5 19. Rxd5 e6 20. Rd6 Nf8
21. Rxd8+ Kxd8 22. Rd1+ Ke7 23. exf5 exf5 24. Nc3 Nc6 25. Bg2 Rc8 26. Re1 Kd8
27. Rd1+ Ke7 28. Re1 1/2-1/2

[Event "25. Alpenpokal 1999"]
[Site "Oberstdorf-Tiefenbach"]
[Date "1999.01.16"]
[Round "2"]
[White "Spurga, Josef"]
[Black "Feller, Josef"]
[Result "0-1"]
[WhiteElo "1914"]
[BlackElo "2185"]
[PlyCount "100"]

1. e4 c5 2. Nf3 Nf6 3. Nc3 Nc6 4. d4 d5 5. exd5 Nxd5 6. Nxd5 Qxd5 7. Be3 cxd4
8. Nxd4 Nxd4 9. Qxd4 Qxd4 10. Bxd4 Bd7 11. Bd3 Bc6 12. O-O e6 13. Rfe1 Be7 14.
Be4 Bxe4 15. Rxe4 O-O 16. Bc3 Rfd8 17. Rd4 Rxd4 18. Bxd4 b6 19. a4 Rd8 20. c3
Bc5 21. Bxc5 bxc5 22. Kf1 Rd2 23. Rb1 Kf8 24. b4 c4 25. b5 Rd8 26. Rb4 Rc8 27.
Ke2 Ke7 28. Kd2 Rc7 29. Kc2 Kd6 30. Kb2 Kc5 31. Ka3 Rd7 32. Kb2 e5 33. Kc2 Rd6
34. a5 Rd7 35. Rb1 Rb7 36. b6 axb6 37. axb6 Rxb6 38. Re1 Kd5 39. f3 Ra6 40. Kb2
Rh6 41. h3 Rg6 42. Re2 f5 43. Kc2 h5 44. Kd2 e4 45. Ke3 Ke5 46. Ra2 f4+ 47. Kf2
e3+ 48. Kf1 Rd6 49. Ke1 Rd3 50. Rc2 Kf5 0-1

[Event "25. Alpenpokal 1999"]
[Site "Oberstdorf-Tiefenbach"]
[Date "1999.01.16"]
[Round "2"]
[White "Wempe, Juergen"]
[Black "Drewitz, Friedel"]
[Result "1-0"]
[WhiteElo "2200"]
[BlackElo "1781"]
[PlyCount "51"]

1. e4 e5 2. Nf3 Nc6 3. c3 Nf6 4. d4 exd4 5. e5 Nd5 6. Bb5 Be7 7. O-O a6 8. Ba4
Nb6 9. Bxc6 dxc6 10. Qxd4 Be6 11. Nbd2 O-O 12. Ne4 Nd7 13. Neg5 Bf5 14. Qf4
Bxg5 15. Qxf5 Bxc1 16. Rd1 Bh6 17. Rxd7 Qc8 18. Rad1 g6 19. Qh3 Bg7 20. e6 f5
21. Rxg7+ Kxg7 22. Rd7+ Qxd7 23. exd7 Rad8 24. Ng5 Rf6 25. Qxh7+ Kf8 26. Qh8+
1-0

[Event "25. Alpenpokal 1999"]
[Site "Oberstdorf-Tiefenbach"]
[Date "1999.01.17"]
[Round "3"]
[White "Angerer, Martin"]
[Black "Wempe, Juergen"]
[Result "1/2-1/2"]
[WhiteElo "1940"]
[BlackElo "2200"]
[PlyCount "60"]

1. e4 c5 2. Nf3 Nf6 3. Nc3 Nc6 4. d4 d5 5. exd5 Nxd5 6. Be2 cxd4 7. Nxd4 Nxc3
8. bxc3 Bd7 9. O-O g6 10. Be3 Bg7 11. Qd2 Qc8 12. Rfe1 O-O 13. Bh6 e5 14. Nb3
Bf5 15. Bd3 Rd8 16. Nc5 b6 17. Ne4 Ne7 18. Qg5 Nd5 19. Bxg7 Kxg7 20. c4 f6 21.
Nxf6 Nxf6 22. Rxe5 Be6 23. Bf5 Re8 24. Rae1 Bxf5 25. Re7+ Rxe7 26. Rxe7+ Kg8
27. Qxf6 Qf8 28. Qe5 Rd8 29. h3 Rd1+ 30. Kh2 Bd7 1/2-1/2

[Event "25. Alpenpokal 1999"]
[Site "Oberstdorf-Tiefenbach"]
[Date "1999.01.17"]
[Round "3"]
[White "Feller, Josef"]
[Black "Graf, Joachim"]
[Result "1-0"]
[WhiteElo "2185"]
[BlackElo "2025"]
[PlyCount "117"]

1. d4 d5 2. Nf3 Nf6 3. e3 e6 4. Bd3 Be7 5. O-O O-O 6. b3 b6 7. Qe2 Bb7 8. Bb2
c5 9. Nbd2 Ne4 10. Rad1 Nd7 11. Ne5 Nxe5 12. dxe5 Nxd2 13. Rxd2 Qc7 14. f4 f5
15. c4 Rad8 16. Rfd1 Qc8 17. cxd5 Bxd5 18. Ba6 Qc6 19. Bb5 Qc8 20. Bc4 Bxc4 21.
Qxc4 Rxd2 22. Rxd2 Rd8 23. Rxd8+ Bxd8 24. b4 Be7 25. Ba3 Kf7 26. bxc5 Bxc5 27.
Bxc5 bxc5 28. h3 Qc6 29. Kf2 Qb6 30. g4 g6 31. gxf5 gxf5 32. Kg3 Qc6 33. a4 Qh1
34. Qe2 Qc6 35. Qh5+ Kg7 36. Qg5+ Kf8 37. Qf6+ Kg8 38. Qd8+ Kf7 39. Qf6+ Kg8
40. e4 Qxe4 41. Qxe6+ Kf8 42. Qd6+ Kf7 43. Qxc5 Qxa4 44. Qc7+ Kg8 45. Qc8+ Kg7
46. Qxf5 Qd4 47. Qf6+ Kg8 48. Qg5+ Kf7 49. Qf5+ Kg7 50. Qg4+ Kf8 51. Qf3 Qg1+
52. Kh4 Qe1+ 53. Kh5 a5 54. Qa8+ Kg7 55. Qb7+ Kg8 56. Qc8+ Kf7 57. Qd7+ Kf8 58.
e6 Qe2+ 59. Kh6 1-0

[Event "25. Alpenpokal 1999"]
[Site "Oberstdorf-Tiefenbach"]
[Date "1999.01.17"]
[Round "3"]
[White "Herzog, Manfred"]
[Black "Meyer, Thomas"]
[Result "1-0"]
[WhiteElo "1764"]
[BlackElo "1645"]
[PlyCount "79"]

1. d4 Nf6 2. c4 e5 3. dxe5 Ng4 4. e6 fxe6 5. e4 Ne5 6. Qh5+ Ng6 7. Nf3 Nc6 8.
Ng5 Qe7 9. Be2 b6 10. Nxh7 Qf7 11. Ng5 Rxh5 12. Nxf7 Rh4 13. Ng5 Nd4 14. g3 Rh8
15. Bd1 Be7 16. Nc3 Ne5 17. h4 Bxg5 18. Bxg5 Ndf3+ 19. Bxf3 Nxf3+ 20. Ke2 Nxg5
21. hxg5 Rxh1 22. Rxh1 c6 23. f4 d6 24. Ke3 Kf7 25. Rd1 Ke7 26. g4 Bb7 27. Rh1
Kf7 28. f5 e5 29. Rh7 Rg8 30. Ne2 Bc8 31. Ng3 a5 32. g6+ Kf8 33. g5 Ba6 34. b3
b5 35. cxb5 Bxb5 36. Nh5 d5 37. Nf6 d4+ 38. Kd2 gxf6 39. gxf6 a4 40. Rb7 1-0

[Event "25. Alpenpokal 1999"]
[Site "Oberstdorf-Tiefenbach"]
[Date "1999.01.17"]
[Round "3"]
[White "Jolowicz, Matias"]
[Black "Jochem, Dieter"]
[Result "1-0"]
[WhiteElo "2275"]
[BlackElo "1860"]
[PlyCount "97"]

1. d4 g6 2. c4 Bg7 3. Nc3 d6 4. g3 Nd7 5. Bg2 c5 6. Nf3 Ngf6 7. O-O O-O 8. Qc2
cxd4 9. Nxd4 Ng4 10. Rd1 h6 11. h3 Ngf6 12. Be3 Ne5 13. b3 Bd7 14. Bxb7 Bxh3
15. Bxa8 Qxa8 16. f3 Nfg4 17. Qd2 Qb7 18. Rac1 a6 19. Nc2 h5 20. Nd5 Nxe3 21.
Qxe3 Be6 22. Qd3 Rc8 23. e4 Bxd5 24. exd5 Nd7 25. Kg2 Bh6 26. Rb1 Bg5 27. Nd4
Ne5 28. Qe4 Bf6 29. Re1 Qb6 30. Rbd1 Rc7 31. Re2 a5 32. g4 hxg4 33. fxg4 g5 34.
Kf1 Ng6 35. Rh2 a4 36. Nb5 Rc8 37. b4 Kg7 38. Rb1 Rh8 39. Rxh8 Kxh8 40. Rd1 Kg7
41. a3 Qb8 42. Nd4 Qh8 43. Nf5+ Kf8 44. c5 Qh3+ 45. Kf2 Nf4 46. Rh1 Bd4+ 47.
Nxd4 Qxa3 48. Rh8+ Kg7 49. Qh7+ 1-0

[Event "25. Alpenpokal 1999"]
[Site "Oberstdorf-Tiefenbach"]
[Date "1999.01.17"]
[Round "3"]
[White "Klempt, Guenter"]
[Black "Kleifges, Matthias"]
[Result "0-1"]
[WhiteElo "2050"]
[BlackElo "2010"]
[PlyCount "77"]

1. d4 Nf6 2. c4 e5 3. dxe5 Ng4 4. Nf3 Bc5 5. e3 Nc6 6. a3 a5 7. b3 O-O 8. Bb2
Re8 9. Be2 Ngxe5 10. O-O d6 11. Nbd2 Bf5 12. Nxe5 dxe5 13. Nf3 Qf6 14. Qc1 Qh6
15. Rd1 Re6 16. Rd5 b6 17. b4 Bd6 18. c5 bxc5 19. bxc5 Be4 20. Rd1 Bf8 21. Rd7
Rc8 22. Qc4 Bf5 23. Rad1 Rf6 24. R7d2 Re8 25. Bc3 g5 26. e4 Bc8 27. Qb5 g4 28.
Ne1 Qf4 29. Bd3 Rd8 30. Bc2 Nd4 31. Bxd4 Rxd4 32. g3 Qxd2 33. Rxd2 Rxd2 34. Qf1
Ba6 35. Bd3 Bb7 36. h3 Bxc5 37. hxg4 Rfxf2 38. Qh3 Rh2+ 39. Kf1 0-1

[Event "25. Alpenpokal 1999"]
[Site "Oberstdorf-Tiefenbach"]
[Date "1999.01.17"]
[Round "3"]
[White "Moser, Wolfgang"]
[Black "Michaelis, Nico"]
[Result "1/2-1/2"]
[WhiteElo "2078"]
[BlackElo "1941"]
[PlyCount "90"]

1. e4 d5 2. exd5 Qxd5 3. Nc3 Qd6 4. d4 Nf6 5. Nf3 a6 6. Be2 e6 7. O-O Be7 8.
Qd3 Nbd7 9. Bg5 b5 10. Ne4 Nxe4 11. Qxe4 Rb8 12. Bf4 Bb7 13. Bxd6 Bxe4 14. Bxe7
Kxe7 15. Nd2 Bxc2 16. Rfc1 Bg6 17. Rxc7 Rhc8 18. Rac1 Kd8 19. R7c6 Rxc6 20.
Rxc6 Rb6 21. Bf3 Rxc6 22. Bxc6 Nb8 23. Be4 Bxe4 24. Nxe4 Nc6 25. f3 Nxd4 26.
Nc5 a5 27. Kf2 Kc7 28. Ke3 Nc2+ 29. Ke4 Nb4 30. a3 Nc6 31. f4 Ne7 32. Nb3 Kb6
33. Nd4 Nf5 34. Nxf5 exf5+ 35. Kd5 a4 36. Kd6 b4 37. Kd5 Kb5 38. Kd4 f6 39. g3
g5 40. Kd5 bxa3 41. bxa3 h6 42. h4 g4 43. Kd4 Kb6 44. Kc4 Kc6 45. Kd4 Kd6
1/2-1/2

[Event "25. Alpenpokal 1999"]
[Site "Oberstdorf-Tiefenbach"]
[Date "1999.01.17"]
[Round "3"]
[White "Spitaler, Juergen"]
[Black "Maugg, Ludwig"]
[Result "1-0"]
[WhiteElo "1965"]
[BlackElo "2160"]
[PlyCount "77"]

1. Nf3 Nf6 2. g3 g6 3. Bg2 Bg7 4. d3 d6 5. O-O O-O 6. Nc3 c5 7. e4 Nc6 8. h3
Rb8 9. a4 a6 10. Rb1 b5 11. axb5 axb5 12. Be3 b4 13. Ne2 Bd7 14. Qd2 Qc8 15.
Kh2 b3 16. c3 Qa6 17. Ne1 Ne8 18. f4 f5 19. Nf3 fxe4 20. dxe4 Na5 21. f5 Nc4
22. Qc1 Nxe3 23. Qxe3 gxf5 24. Nh4 e6 25. exf5 exf5 26. Bd5+ Kh8 27. Qe7 Nf6
28. Nf4 Nxd5 29. Nxd5 Qc6 30. Ng6+ Kg8 31. Nxf8 Rxf8 32. Rbd1 Kh8 33. Nf4 Qb5
34. Nh5 Rg8 35. Nxg7 Rxg7 36. Qf8+ Rg8 37. Qf6+ Rg7 38. Rfe1 Qb8 39. Re7 1-0

[Event "25. Alpenpokal 1999"]
[Site "Oberstdorf-Tiefenbach"]
[Date "1999.01.17"]
[Round "3"]
[White "Zunker, Reinhard"]
[Black "Fischer, Ernst"]
[Result "1-0"]
[WhiteElo "2205"]
[BlackElo "2050"]
[PlyCount "92"]

1. e4 d5 2. exd5 Nf6 3. Nf3 Nxd5 4. d4 Bg4 5. Be2 e6 6. c4 Nb6 7. O-O Be7 8.
Be3 O-O 9. Nbd2 N8d7 10. h3 Bh5 11. a3 c5 12. dxc5 Bxc5 13. Qb3 Rc8 14. Rfd1
Qe7 15. Rac1 Bg6 16. Nf1 Rfd8 17. Rd2 Nf6 18. Ne5 Rxd2 19. Nxg6 hxg6 20. Nxd2
Rd8 21. Bf3 Qd6 22. Nf1 Bxe3 23. Qxe3 Qe7 24. Qc3 Na4 25. Qc2 Nb6 26. b4 Nc8
27. Ne3 b6 28. g4 Qc7 29. Rd1 Rxd1+ 30. Qxd1 Qd6 31. Qa4 Qd7 32. Qc6 Qxc6 33.
Bxc6 Kf8 34. Kf1 Ke7 35. Ke2 Kd6 36. Bb7 Kc7 37. Bxc8 Kxc8 38. Kd3 Kc7 39. g5
Nd7 40. f4 Kd6 41. a4 a5 42. c5+ Kc6 43. cxb6 axb4 44. Kc4 Nxb6+ 45. Kxb4 Nxa4
46. Kxa4 Kc5 1-0

[Event "25. Alpenpokal 1999"]
[Site "Oberstdorf-Tiefenbach"]
[Date "1999.01.18"]
[Round "4"]
[White "Daverkausen, Bernd"]
[Black "Wahl, Frithjof"]
[Result "1/2-1/2"]
[WhiteElo "2250"]
[BlackElo "2044"]
[PlyCount "145"]

1. Nf3 g6 2. e4 Bg7 3. d4 d6 4. Nc3 c6 5. a4 Nf6 6. Be2 O-O 7. O-O e5 8. dxe5
dxe5 9. Qxd8 Rxd8 10. Bc4 Re8 11. Ng5 Be6 12. Nxe6 fxe6 13. f3 a6 14. Be3 Bf8
15. a5 Nbd7 16. Ne2 Rac8 17. Rfd1 Nb8 18. Nc1 c5 19. Nb3 Kf7 20. Rd3 h6 21.
Rad1 g5 22. g4 Be7 23. Kg2 Rg8 24. Rc3 Nfd7 25. Be2 Rc7 26. Rh1 Rgc8 27. Nd2
Nc6 28. Nc4 Nd4 29. Bd1 Rh8 30. Rd3 Kf6 31. h4 Kg7 32. c3 Nc6 33. Ba4 gxh4 34.
Rhd1 Ndb8 35. Bxc6 Nxc6 36. Rd7 Rd8 37. Rxd8 Bxd8 38. Bxc5 Bf6 39. Bb6 Re7 40.
Bf2 Kg6 41. Kh3 h5 42. Bxh4 hxg4+ 43. Kxg4 Rg7 44. Bg3 Rc7 45. Kh3 Bg7 46. Kg2
Kf6 47. Nd6 Ke7 48. Bh4+ Kf8 49. Nc4 Bh6 50. Kf2 Bf4 51. Bg3 Ke7 52. Rh1 Kf6
53. Bxf4 exf4 54. Rh6+ Ke7 55. Kg2 e5 56. Kh3 Kf8 57. Rf6+ Ke7 58. Rh6 Kf8 59.
Kg2 Kg7 60. Re6 Kf7 61. Rd6 Ke7 62. Rh6 Kf8 63. Re6 Nd8 64. Rxe5 Rxc4 65. Rf5+
Ke7 66. Rxf4 Ke6 67. Rh4 Rc5 68. Rh6+ Ke7 69. Kf2 Rxa5 70. Rh7+ Nf7 71. Ke3 Ra2
72. b4 Rc2 73. Kd3 1/2-1/2

[Event "25. Alpenpokal 1999"]
[Site "Oberstdorf-Tiefenbach"]
[Date "1999.01.18"]
[Round "4"]
[White "Kleifges, Matthias"]
[Black "Zunker, Reinhard"]
[Result "0-1"]
[WhiteElo "2010"]
[BlackElo "2205"]
[PlyCount "60"]

1. e4 g6 2. d4 Bg7 3. c3 d6 4. f4 Nf6 5. Qc2 e5 6. Nf3 exd4 7. cxd4 O-O 8. Bd3
Nc6 9. a3 Bg4 10. Be3 Bxf3 11. gxf3 Nh5 12. d5 Nd4 13. Qf2 Qf6 14. Bxd4 Qxd4
15. Qxd4 Bxd4 16. Nc3 Nxf4 17. Kd2 c6 18. Bc4 Kg7 19. Rab1 Rac8 20. Ne2 Be5 21.
Nxf4 Bxf4+ 22. Kd3 b5 23. Ba2 c5 24. b3 Kf6 25. h4 h5 26. Rbf1 Ke5 27. Rhg1 Rc7
28. Rf2 Rb8 29. Rgg2 Rb6 30. Kc3 Be3 0-1

[Event "25. Alpenpokal 1999"]
[Site "Oberstdorf-Tiefenbach"]
[Date "1999.01.18"]
[Round "4"]
[White "Maugg, Ludwig"]
[Black "Angerer, Martin"]
[Result "1-0"]
[WhiteElo "2160"]
[BlackElo "1940"]
[PlyCount "39"]

1. d4 Nf6 2. c4 c5 3. d5 e6 4. Nc3 exd5 5. cxd5 d6 6. e4 g6 7. Bd3 Bg7 8. h3
O-O 9. Nf3 Re8 10. O-O Na6 11. Re1 Nc7 12. a4 b6 13. Bf4 Nh5 14. Bh2 Bf8 15.
Bc4 Rb8 16. e5 a6 17. g4 Ng7 18. Ne4 dxe5 19. Nxe5 Bd7 20. Nxd7 1-0

[Event "25. Alpenpokal 1999"]
[Site "Oberstdorf-Tiefenbach"]
[Date "1999.01.18"]
[Round "4"]
[White "Michaelis, Nico"]
[Black "Pleyer, Felix"]
[Result "1-0"]
[WhiteElo "1941"]
[BlackElo "2170"]
[PlyCount "53"]

1. d4 c5 2. c3 b6 3. Nf3 Bb7 4. Bf4 e6 5. e3 Nf6 6. h3 Be7 7. Nbd2 O-O 8. Bd3
d5 9. O-O Ne4 10. Qc2 f5 11. Bxb8 Rxb8 12. Ne5 Bd6 13. f4 Nxd2 14. Qxd2 Bxe5
15. fxe5 Qg5 16. Qf2 Qh6 17. h4 g6 18. Qf4 Qg7 19. g4 fxg4 20. Qxg4 Bc8 21.
Rxf8+ Kxf8 22. Rf1+ Kg8 23. Rf6 Qh6 24. Bxg6 Qxe3+ 25. Kf1 Qc1+ 26. Ke2 Bd7 27.
Be8+ 1-0

[Event "25. Alpenpokal 1999"]
[Site "Oberstdorf-Tiefenbach"]
[Date "1999.01.18"]
[Round "4"]
[White "Radtke, Eduard"]
[Black "Pehlgrim, Andreas"]
[Result "1-0"]
[WhiteElo "1993"]
[BlackElo "2180"]
[PlyCount "61"]

1. e4 d6 2. d4 Nf6 3. Nc3 c6 4. Bg5 Qa5 5. Bxf6 gxf6 6. a3 Bg7 7. Bd3 f5 8.
Nge2 fxe4 9. Bxe4 Nd7 10. O-O Nf6 11. Bf3 Bf5 12. b4 Qc7 13. Ng3 Bg6 14. Qd2 d5
15. Rfe1 h5 16. h4 Ng4 17. Nf1 O-O-O 18. b5 c5 19. b6 axb6 20. Nb5 Qd7 21. Rab1
Qf5 22. Rxe7 Rd7 23. Rxd7 Kxd7 24. dxc5 Nf6 25. Ne3 Bh6 26. Qb4 Bxe3 27. c6+
Ke8 28. Nd6+ Kd8 29. Nxf5 Bc5 30. Qf4 bxc6 31. Qb8+ 1-0

[Event "25. Alpenpokal 1999"]
[Site "Oberstdorf-Tiefenbach"]
[Date "1999.01.18"]
[Round "4"]
[White "Schlierkamp, Ferdinand"]
[Black "Jolowicz, Matias"]
[Result "0-1"]
[WhiteElo "2066"]
[BlackElo "2275"]
[PlyCount "66"]

1. e4 d5 2. exd5 Qxd5 3. Nc3 Qa5 4. d4 c6 5. Nf3 Nf6 6. Bc4 Bf5 7. Bd2 e6 8.
Qe2 Bb4 9. O-O-O Nbd7 10. Ne5 Nxe5 11. dxe5 Nd7 12. a3 Bxc3 13. Bxc3 Qc7 14.
Qe3 b5 15. Bd3 Bg6 16. h4 a5 17. b3 Nb6 18. Bd4 Nd5 19. Qg3 Rg8 20. Bc5 b4 21.
a4 Nc3 22. Rd2 Rd8 23. Bd6 Qb6 24. Qg5 Rd7 25. Bxg6 hxg6 26. Qg4 Qa6 27. Re1
Rh8 28. Rd4 Rh5 29. Rc4 Rf5 30. f4 Nd5 31. Qf3 Rh5 32. Rh1 Qb6 33. Rc5 Rxd6 0-1

[Event "25. Alpenpokal 1999"]
[Site "Oberstdorf-Tiefenbach"]
[Date "1999.01.18"]
[Round "4"]
[White "Spitaler, Juergen"]
[Black "Feller, Josef"]
[Result "1/2-1/2"]
[WhiteElo "1965"]
[BlackElo "2185"]
[PlyCount "81"]

1. Nf3 d5 2. d4 Nf6 3. Bf4 c5 4. e3 Nc6 5. c3 Qb6 6. b3 cxd4 7. exd4 Bf5 8. Bd3
Bxd3 9. Qxd3 e6 10. O-O Be7 11. Ne5 O-O 12. Nd2 Nxe5 13. Bxe5 Nd7 14. Bg3 Bf6
15. Nf3 Rac8 16. h4 Rc6 17. Bf4 Rfc8 18. Bd2 Qd8 19. h5 e5 20. dxe5 Nxe5 21.
Nxe5 Bxe5 22. Rac1 Qh4 23. f4 Bc7 24. Rf3 Re6 25. c4 Bb6+ 26. Be3 dxc4 27. Bxb6
axb6 28. Rxc4 Rce8 29. Rh3 Qe1+ 30. Kh2 Qa1 31. Qc3 Qf1 32. Rg3 f6 33. Rc7 Qxf4
34. Rcxg7+ Kh8 35. Qc7 Qxc7 36. Rxc7 R6e7 37. Rxe7 Rxe7 38. Kg1 Re5 39. h6 Rh5
40. Rg7 Rxh6 41. Rxb7 1/2-1/2